| 000 | 00856nam a2200265 i 4500 | ||
|---|---|---|---|
| 001 | bg | ||
| 100 | 1 | _aŻUREK, Zbigniew | |
| 245 | 1 | 0 |
_aMateriał i środowisko / _cZbigniew Żurek ; Politechnika Krakowska im. Tadeusza Kościuszki. |
| 260 |
_aKraków : _bPK, _c1998. |
||
| 300 |
_a212 s. : _brys., wykr. ; _c24 cm. |
||
| 504 | _aBibliogr. s. 211-212. | ||
| 521 | _aPodręcznik dla studentów wyższych szkół technicznych. | ||
| 650 | 9 | _aKorozja i erozja | |
| 650 | 9 | _aMateriałoznawstwo | |
| 650 | 9 |
_aŚrodowisko człowieka _xhigiena i ochrona |
|
| 655 | _aPodręczniki akademickie | ||
| 710 | 0 | _aPolitechnika Krakowska im. Tadeusza Kościuszki | |
| 020 | _a8390387824 | ||
| 040 | _cBPK | ||
| 041 | 0 | _apl | |
| 080 | _a620.193:620.2:504.05](075.8) | ||
| 920 | _a83-903878-2-4 | ||
| 942 | _cKS | ||
| 008 | s pl f |000 0 pol | ||
| 999 |
_c37871 _d37871 |
||
| 856 |
_uhttp://koha.tu.koszalin.pl/cgi-bin/koha/opac-detail.pl?biblionumber=37871 _yKatalog online BPK |
||